Discrete mathematics / (Record no. 193354)
[ view plain ]
| 000 -LEADER | |
|---|---|
| fixed length control field | 00784 a2200205 4500 |
| 003 - CONTROL NUMBER IDENTIFIER | |
| control field | Nust |
| 005 - DATE AND TIME OF LATEST TRANSACTION | |
| control field | 20230223181252.0 |
| 010 ## - LIBRARY OF CONGRESS CONTROL NUMBER | |
| LC control number | 91050637 |
| 020 ## - INTERNATIONAL STANDARD BOOK NUMBER | |
| International Standard Book Number | 0030032784 (acid-free paper) |
| 040 ## - CATALOGING SOURCE | |
| Transcribing agency | Nust |
| 082 00 - DEWEY DECIMAL CLASSIFICATION NUMBER | |
| Classification number | 510,HAU |
| 100 1# - MAIN ENTRY--PERSONAL NAME | |
| Personal name | Hausner, Melvin, |
| 9 (RLIN) | 39073 |
| 245 10 - TITLE STATEMENT | |
| Title | Discrete mathematics / |
| Statement of responsibility, etc. | Melvin Hausner. |
| 260 ## - PUBLICATION, DISTRIBUTION, ETC. | |
| Place of publication, distribution, etc. | Fort Worth : |
| Name of publisher, distributor, etc. | Saunders College Pub., |
| Date of publication, distribution, etc. | c1992. |
| 300 ## - PHYSICAL DESCRIPTION | |
| Extent | xv, 720 p. : |
| Other physical details | col. ill. ; |
| Dimensions | 25 cm. |
| 505 ## - FORMATTED CONTENTS NOTE | |
| Formatted contents note | Logic (Page-1),Foundations (Page-73),Algorithms (Page-158),Combinatorics (Page-213), Graphs(Page-277),Trees (Page-392),Boolean Algebra (Page-449),Number Theory (Page-479),Grammars and Automata (Page-542),Turning Machines (Page-589). |
| 650 #0 - SUBJECT ADDED ENTRY--TOPICAL TERM | |
| Topical term or geographic name entry element | Computer science |
| General subdivision | Mathematics. |
| 9 (RLIN) | 17957 |
| 650 #0 - SUBJECT ADDED ENTRY--TOPICAL TERM | |
| Topical term or geographic name entry element | Mathematics. |
| 942 ## - ADDED ENTRY ELEMENTS (KOHA) | |
| Source of classification or shelving scheme | |
| Koha item type | Book |
| Withdrawn status | Lost status | Source of classification or shelving scheme | Damaged status | Not for loan | Permanent Location | Current Location | Shelving location | Date acquired | Full call number | Barcode | Date last seen | Price effective from | Koha item type | Public note |
|---|---|---|---|---|---|---|---|---|---|---|---|---|---|---|
| Military College of Signals (MCS) | Military College of Signals (MCS) | General Stacks | 12/12/2016 | 511,HAU | MCS26379 | 12/08/2016 | 12/12/2016 | Book | Almirah No.71, Shelf No.2 |
